Statistiques concernant Quiz le plus facile de One Piece

Cliquez ici pour prendre le quiz!

Statistiques générales

  • Ce quiz a été pris 10 333 fois
  • Le résultat moyen est 14 sur 15

Statistiques - réponses

QuestionRéponse% Correct
Quelle est le nom du héros du manga ?Monkey D Luffy
100%
Qu'est ce qui est impossible pour un utilisateur de fruit du démon ?Nager
97%
Quelle membre du corps a perdu Shanks le roux ?Son bras
97%
Quelle est le rôle de Sanji dans l'équipage ?Cuisinier
96%
De quelle race fait partie le personnage d'Arlong ?Homme poisson
96%
Qui est le premier membre recruté dans l'équipage au chapeau de paille ?Roronoa Zoro
96%
Combien y'a t'il d'amiral de la marine ?3
95%
De quelle couleur est le nez de Chopper ?Bleu
93%
Qui est le seul homme connu a avoir été Roi des Pirates ?Gol D Roger
90%
Qui est le meilleur escrimeurs du monde ?Mihawk
89%
Comment s'appelle le lieu ou se déroule la bataille opposant les forces de la marine à l'équipage de Barbe Blanche ?Marineford
87%
Qui est la plus belle femme du monde ?Boa Hancock
84%
À quelle puissance mondiale appartient Shanks le Roux ?Les 4 Empereurs
84%
Quel est le premier supernova qui propose une alliance au héros pour faire chuter un Empereur ?Trafalgar D Water Law
84%
À quel type de fruit du démon appartient le fruit du sable de Crocodile ?Logia
83%

Distribution des résultats

Percentile par nombre de réponses

% des personnes avec chaque résultat

Votre développement - résultats

Vous n’avez pas pris ce quiz